000 00729nam a2200253Ia 4500
005 20250117103612.0
008 008 250103s9999 xx 000 0 eng d
020 _a9781585286942
037 _aTextual
040 _aCSL
_beng
_cCSL
041 _aeng
_2eng
084 _aLZ3:(E) R3
_qCSL
100 _aHarrold, Marc W
_9731885
245 0 _aBasic concepts in medicinal chemistry
_cHarrold, Marc W; Zavod, Robin M
250 _a3rd
260 _aUS
_bASHP
_c2023
300 _axv, 526p. ill.
650 _a Drug metabolism
_9718507
650 _a Salts and solubility
_9734167
650 _aChemistry
700 _a Zavod, Robin M
_9731887
942 _cTEXL
_hLZ3:(E) R3
999 _c1237847
_d1237847